书目信息 |
| 题名: |
七体书法字典
|
|
| 作者: | 赵侣 编 | |
| 分册: | ||
| 出版信息: | 北京 博文书社 1988.10 |
|
| 页数: | 617页 | |
| 开本: | 20cm | |
| 丛书名: | ||
| 单 册: | ||
| 中图分类: | J292-61 | |
| 科图分类: | ||
| 主题词: | 书法--中国--词典 , 篆刻--中国--词典 | |
| 电子资源: | ||
| ISBN: | 7-5055-0001-5 | |
| 000 | 00615nam0 2200229 45 | |
| 001 | 0189030693 | |
| 005 | 20050427094424.9 | |
| 010 | @a7-5055-0001-5@b精装@dCNY9.80 | |
| 020 | @aCN@b89030693 | |
| 100 | @a19911017d1988 m y0chiy0120 ea | |
| 101 | 0 | @achi |
| 102 | @aCN@b110000 | |
| 105 | @ay e 000yy | |
| 200 | 10 | @a七体书法字典@Aqi ti shu fa zi dian@f赵侣编@FZhao Lu Bian |
| 210 | @a北京@c博文书社@d1988.10 | |
| 215 | @a617页@d20cm | |
| 606 | 0 | @a书法@x中国@x词典 |
| 606 | 0 | @a篆刻@x中国@x词典 |
| 690 | @aJ292-61@v3 | |
| 701 | 0 | @a赵侣@4编 |
| 801 | 0 | @aCN@bNLC@c19911017 |
| 905 | @f1@b218933@dJ292-61@e209 | |
| 七体书法字典/赵侣编.-北京:博文书社,1988.10 |
| 617页;20cm |
| ISBN 7-5055-0001-5(精装):CNY9.80 |
| ● |
| 相关链接 |
|
|
|
|
正题名:七体书法字典
索取号:J292-61/209
 
预约/预借
| 序号 | 登录号 | 条形码 | 馆藏地/架位号 | 状态 | 备注 |
| 1 | 0218933 | 001210656 | 第一借阅区/ [索取号:J292-61/209] | 在馆 | |
| 2 | 0218934 | 000696170 | 第一样本阅览室/ [索取号:J292-61/209] | 在馆 |